000 00737nam a2200205 4500
001 122322
003 ES-MaACL
005 20230906191944.0
007 t|
008 070214s1973 sp r ||||1| spa d
100 1 _aPrieto Escudero, Germán.
_993926
245 1 0 _aPolítica de planificación y promoción familiar /
_cGermán Prieto Escudero.
260 _aMadrid :
_bInstituto de Estudios Políticos,
_c1973.
300 _a12 h. ;
_c24 cm.
595 _aTirada aparte de: Revista de estudios políticos, n. 191, p. 149-169.
651 4 _aEspaña-
_xPolítica demográfica.
_9171735
651 4 _aEspaña-
_xPolítica familiar.
_9145872
710 2 _aInstituto de Estudios Políticos (Madrid)
_94924
852 _aES-MaACL
_j2084-F-4
999 _c122322
_d122322